000
00466nam a2200133Ia 4500
008
100328s9999 xx 000 0 und d
082
_b
9217
100
_a
देवार बापू वासुदेव
245
_a
अभिनव शिक्षकशास्त्र
260
_b
एन.के.
630
_a
अभिनव शिक्षकशास्त्र
730
_a
अभिनव शिक्षकशास्त्र
942
_c
BOOK
999
_c
504926
_d
504923